000
00285nam a22001337a 4500
008
260325b ||||| |||| 00| 0 eng d
020
_a
9789951053594
041
_a
Shqip
080
_a
821.18
100
_a
25
101
_a
Vjersha
245
_a
Vjersha
_c
Agim Deva
942
_2
udc
_c
BK
999
_c
60937
_d
60937